000 00806nam a22002177a 4500
005 20230919114247.0
010 _aHIN-126048
020 _a9788194463207
_c450.00
035 _aHN-98394
037 _bDBAD/PUB
082 _a920
100 _aप्रसाद, अवध किशोर
_956910
245 _aसंस्मरण सुमन /
_c अवध किशोर प्रसाद,
250 _a1
260 _bआदर्श प्रकाशन
_aनई दिल्ली
_c2020
270 _aएच -16 /325 संगम विहार नई दिल्ली
_e110080
_bनई दिल्ली
300 _a112 पृ.
_c23 सेमी (सजिल्द)
710 _956895
942 _cHN
_2ddc
_h920
_mप्रसाद
999 _c198340
_d198340